000 00695nam a2200205Ia 4500
008 0000001994 gw a 0000000000eng00
020 _a3822893269
090 _aPSP00 N27s
100 1 _aNéret, Gilles
245 1 0 _aSalvador Dalí 19041989
_c/ Gilles Néret ; translation Catherine Plant
300 _a96 p.
_c/ 30 cm.
500 _aDonación Sr León Caridi (20080115)
600 0 0 _aDALI, SALVADOR, 19041989/
_xTRABAJOS PICTORICOS
650 1 4 _aARTE CONTEMPORANEO ESPAÑOL
650 1 4 _xCATALOGOS
650 1 4 _aPINTORES ESPAÑOLES
650 1 4 _aPINTURA ESPAÑOLA
700 1 _aPlant, Catherine, tr.
999 _c8734
_d8734
260 _aKoln (Alemania) : Benedikt Taschen Verlag GMbH
_c1994